000 00332nam a2200133Ia 4500
008 220204s9999 xx 000 0 und d
082 _a615.37
_bCUS
100 _aCampbell, Dan H
245 0 _aPrinciples of immunology
260 _aNew York
_bMcGraw Hill
_c1957
650 _aImmunology
700 _aCushing, John E
942 _cBK
999 _c19375
_d19375